000 00228nam a22000857a 4500
999 _c11511
_d11511
008 190530b ||||| |||| 00| 0 eng d
020 _a9780310738305
100 _97228
_aLEWIS GREGG ET AL
245 _aGIFTED HANDS THE BEN CARSON STORY